Responses for Show #4507 - Tuesday, March 23, 2004

Contestants

[<< previous game]

Jack Rosenzweig, a government attorney from Honolulu, Hawaii

Debra Dondrea Galant, a homemaker from Grayslake, Illinois

Sonja Srinivasan, an education consultant and musician from San Diego, California (whose 2-day cash winnings total $24,250)

[next game >>]

Jeopardy! Round responses

WHO'S AFRAID OF
(Alex: Guess what's coming next!)
VIRGINIA WOOLF
GIANT
SUDDENLY, LAST SUMMER
NATIONAL "VELVET"
(Alex: The person who links all of these together is...)
ELIZABETH TAYLOR
    $200 16
time

Debra
    $200 1
(Sonja: What is feminism?)
(Alex: Be more specific.)
(Sonja: Literary feminism?)
(Alex: Nope.)

women's suffrage

SonjaJack
    $200 2
pandas

Sonja
    $200 26
the All-Star Game

Jack
    $200 12
Blue Velvet

Debra
    $200 8
Liz

Sonja
    $400 17
claustrophobia

Sonja
    $400 3
(Jack: What are Bohemians?)

the Bloomsbury Group

SonjaJack
    $400 6
(Jack: What is one giant step for mankind?)
(Debra: What is one leap for mankind?)

one giant leap for mankind

SonjaDebraJack
    $400 27
a heat wave

Sonja
    $400 13
Black Velvet

Triple Stumper
    $400 9
Richard Burton

Sonja
    $600 18
fear of flying

Sonja
    $600 4
Waves

Triple Stumper
    $600 23
the Galapagos Islands

Sonja
    $600 28
foam/insulation

Debra
    $600 14
a velvet glove

Sonja
    $600 10
Cleopatra

Sonja
    $800 19
(Jack: What is noon?)

dawn

Jack
Triple Stumper
    $800 5
World War I

Jack
    $800 24
kelp

Sonja
    $800 29
(Charles) Lindbergh

Debra
    $800 21
The Velvet Underground

Sonja
    $800 11
Larry King

Debra
    $600 20
(Sonja: What is oneself?)

Alone

Sonja
    $1000 7
Leonard

Triple Stumper
    $1000 25
(Alex: Minute to go now, Sonja.)

the Titans

Triple Stumper
    $1000 30
fair and balanced

Jack
    $1000 22
the "Velvet Revolution"

Sonja
    $1000 15
(Alex: Commander of the Order of the British Empire.)

Dame

Sonja

Scores at the first commercial break (after clue 14):

Sonja Debra Jack
$2,600 $600 $200

Scores at the end of the Jeopardy! Round:

Sonja Debra Jack
$7,600 $2,200 $600

Double Jeopardy! Round responses

ART & ARTISTS
SPORTSMEN
TORONTO'S CN TOWER
FRUITS IN FRENCH
NANA
RAY
    $400 2
Alexander (the Great)

Jack
    $400 1
"Smokin' Joe"

Debra
    $400 16
lightning bolts

Sonja
    $400 27
apple

Debra
    $400 7
Geronimo

Jack
    $400 8
Stingray

Jack
    $800 5
(Sonja: What is defeat?)

(they were) "Gassed"

Sonja
Triple Stumper
    $2,000 3
(Pedro) Martinez

Jack
    $800 17
360

Jack
    $800 28
grape

Debra
    $800 22
Peter Pan

Jack
    $800 11
the sea bottom

Jack
    $1,000 6
(Debra: Who is Michelangelo?)

Raphael

Debra
    $1200 4
Honolulu

Debra
    $1200 18
concrete

Jack
    $1200 26
lemon/lime

Debra
    $1200 23
(Alex: Minute to go now, Jack.)

Deep Space Nine

Triple Stumper
    $1200 12
cartilage

Sonja
    $1600 13
(Sonja: Who is Goya?)

(Diego) Velázquez

SonjaJack
    $1600 9
Ernie Els

Jack
    $1600 19
Canadian National

Sonja
    $1600 29
pear

Jack
    $1600 24
Molokai

Jack
    $1600 14
skate

Jack
    $2000 20
Abstract Expressionism

Triple Stumper
    $2000 10
Mark Messier

Jack
    $2000 21
one of the 7 Wonders of the Modern World

Jack
    $2000 30
cherry

Sonja
    $2000 25
(Emile) Zola

Sonja
    $2000 15
the electric ray

Triple Stumper

Scores at the end of the Double Jeopardy! Round:

Sonja Debra Jack
$12,400 $5,200 $19,400

[wagering suggestions for these scores]

Final Jeopardy! Round responses

POSTAGE STAMPS
(Alex: Ah, the boys at the office will be very proud of you, Jack; no more practical jokes!)
DebraWho is Dr Suess?
$2,200
SonjaWho is Dr Seuss?
$1,800
JackWho is Dr. Suess
$5,401
Dr. Seuss

Final scores:

Sonja Debra Jack
$14,200 $7,400 $24,801
2nd place: $2,000 3rd place: $1,000 New champion: $24,801

Game dynamics:

Coryat scores:

Sonja Debra Jack
$13,000 $6,200 $18,200
20 R,
4 W
(including 1 DD)
10 R,
2 W
(including 1 DD)
19 R
(including 1 DD),
3 W

Combined Coryat: $37,400

[game clues] [game scores] [suggest correction]

Game tape date: 2004-01-20
The J! Archive is created by fans, for fans. Scraping, republication, monetization, and malicious use prohibited; this site may use cookies and collect identifying information. See terms. The Jeopardy! game show and all elements thereof, including but not limited to copyright and trademark thereto, are the property of Jeopardy Productions, Inc. and are protected under law. This website is not affiliated with, sponsored by, or operated by Jeopardy Productions, Inc. Join the discussion at JBoard.tv.